Information filtration in knowledge management support

Saved in:
Bibliographic Details
Main Author: Mikulecký, Peter
Format: Book Chapter
Language:English
Subjects:
Tags: Add Tag
No Tags, Be the first to tag this record!

MARC

LEADER 00000naa$a2200000$$$4500
001 0020425
005 20221207121828.6
041 0 |a eng 
044 |a SK 
245 1 0 |a Information filtration in knowledge management support  |c Peter Mikulecký 
610 2 0 |a informácie 
610 2 0 |a dokumenty 
610 2 0 |a používatelia 
610 2 0 |a manažment informačný 
610 2 0 |a vedomosti 
610 2 0 |a manažéri 
610 2 0 |a technológie informačné 
610 2 0 |a systémy znalostné 
610 2 0 |a riadenie znalostí 
100 1 |a Mikulecký, Peter